000 00427nam a2200181Ia 4500
001 19984
005 20260306172732.0
008 260306t2017||||xx |||||||||||||| ||spa||
041 _aESP
082 _a342.1
_bL94 2017
100 _aLozada Tamayo, Samuel
_eAUT
245 0 _aLecciones de derecho internacional público
260 _c2017
300 _a
_c
650 _aGEN
654 _aCDE
942 _cLIB
_dJUS
_fJUS
_2ddc
_n
999 _c19984
_d19984